00373pab a2200133 454500008004000000100001600040245009100056260000900147300001300156362000800169650002900177650002100206773001200227180718b2003 xxu||||| |||| 00| 0 eng d aJain, Rekha aEnergy planning for Indian urban areas in the context of renewable energy technologies c2003 ap.51-56. aJul aEnergy resources - India aEnergy resources aShelter